LEADER 01433nam--2200433---450- 001 990003359990203316 005 20100223141428.0 010 $a978-88-7527-048-3 035 $a000335999 035 $aUSA01000335999 035 $a(ALEPH)000335999USA01 035 $a000335999 100 $a20091223d2008----km-y0itay50------ba 101 0 $aita 102 $aIT 105 $aa---||||001yy 200 1 $aNouvelle vague$fAngelo Moscariello 210 $aRoma$cD. Audino$d2008 215 $a127 p.$cill.$d21 cm 225 2 $aManuali di script$v103 300 $aIn copertina: Lo stile di regia che cambiato la storia del cinema, analizzato, fotogrammi alla mano, nei suoi procedimenti tecnico-formali 410 0$12001$aManuali di script 606 0 $aCinema francese$z1957-1963$2BNCF 676 $a791.430944 700 1$aMOSCARIELLO,$bAngelo$0142824 801 0$aIT$bsalbc$gISBD 912 $a990003359990203316 951 $aXIII.2. 2299$b220249 L.M.$cXIII.2.$d00262477 951 $aXIII.2. 2299 a$b220295 L.M.$cXIII.2.$d00256220 959 $aBK 969 $aUMA 979 $aPAOLA$b90$c20091223$lUSA01$h1300 979 $aPAOLA$b90$c20091223$lUSA01$h1305 979 $aPAOLA$b90$c20091223$lUSA01$h1309 979 $aPAOLA$b90$c20091223$lUSA01$h1316 979 $aPAOLA$b90$c20091223$lUSA01$h1400 979 $aANNAMARIA$b90$c20100223$lUSA01$h1414 996 $aNouvelle vague$91123922 997 $aUNISA